000 00814nas a2200277 4500
001 BR2013003141
003 BR-BrBNA
005 20231205122225.0
007 ta
008 230509b bl.|||p| |||| 00| 00por d
040 _aBR-BrBNA
_bpor
_cBiblioteca Nacional de Agricultura
041 _a(Pt)
072 _aL02
100 1 _aMarçal, W.S.
100 1 _aThomassian, A.
100 1 _aCosta, C.
245 1 _aContribuição ao estudo clínico do capim braquiária na pecuária brasileira
650 _aALIMENTO ANIMAL
650 _aPECUÁRIA
650 _aCAPIM BRACHIARIA
650 _aANÁLISE
650 _aSÃO PAULO
773 0 _tA Hora Veterinária (Brazil)
_xISSN 0101-9163
_g(Jul-Aug 1995), v.15(86) p. 9-12
_wBR2013003141
909 _a202311
_bLúcia
_c55
_dLúcia Elande
942 _2AGRIS
_n0
_cANA
999 _c227554
_d227554